00297nam a2200109Ia 45000010005000000080041000050200022000460820019000681000021000872450052001082600027001602351241024s9999 xx 000 0 und d a978-9945-404-70-8 aRD/863.44/J94m aAquiles Julián 0aMujer que llamo Laura y otros cuentos premiados bEditora Nacionalc2012